书目信息 |
| 题名: |
中国近代建筑总览 烟台篇
|
|
| 作者: | 汪坦 主编 | |
| 分册: | ||
| 出版信息: | 北京 中国建筑工业出版社 1992.02 |
|
| 页数: | 82页 | |
| 开本: | 29cm | |
| 丛书名: | ||
| 单 册: | ||
| 中图分类: | TU-862.52 | |
| 科图分类: | ||
| 主题词: | 建筑风格 , 建筑艺术--流派 , 建筑艺术--作品--评价 | |
| 电子资源: | ||
| ISBN: | 7-112-01476-X | |
| 000 | 00646nam0 2200217 45 | |
| 001 | 0258658034 | |
| 005 | 2002041516173804 | |
| 010 | @a7-112-01476-X@dRMB 6.75 | |
| 100 | @a20020415d1992 km y0chiy0120 ea | |
| 101 | 0 | @achi |
| 102 | @aCN@b110000 | |
| 200 | 1 | @a中国近代建筑总览 烟台篇@AZhong Guo Jin Dai Jian Zhu Zong Lan Yan Tai Pian@f汪坦主编@FWang Tan Zhu Bian |
| 210 | @a北京@c中国建筑工业出版社@d1992.02 | |
| 215 | @a82页@d29cm | |
| 606 | 0 | @a建筑风格 |
| 606 | 0 | @a建筑艺术@x流派 |
| 606 | 0 | @a建筑艺术@x作品@x评价 |
| 690 | @aTU-862.52@v3 | |
| 701 | 0 | @a汪坦@AWang Tan@4主编 |
| 801 | 0 | @aCN@bPFT@c20020415 |
| 905 | @a10447@dTU-862.52@eW075 | |
| 中国近代建筑总览 烟台篇/汪坦主编.-北京:中国建筑工业出版社,1992.02 |
| 82页;29cm |
| ISBN 7-112-01476-X:RMB 6.75 |
| ● |
| 相关链接 |
|
|
|
正题名:中国近代建筑总览 烟台篇
索取号:TU-862.52/W075
 
预约/预借
| 序号 | 登录号 | 条形码 | 馆藏地/架位号 | 状态 | 备注 |
| 1 | 355798 | 203557980 | 建筑库101/101建筑库 21排1列1层/ [索取号:TU-862.52/W075] | 在馆 | |
| 2 | 355799 | 203557999 | 建筑库101/101建筑库 21排1列1层/ [索取号:TU-862.52/W075] | 在馆 | |
| 3 | 355800 | 203558006 | 建筑库101/101建筑库 21排1列1层/ [索取号:TU-862.52/W075] | 在馆 |